[Event "Moscow Open 2007"]
[Site "Moscow"]
[Date "2007.01.31"]
[Round "5"]
[White "Bocharov, Dmitry"]
[Black "Najer, Evgeniy"]
[Result "0-1"]
[WhiteElo "2602"]
[BlackElo "2605"]
[PlyCount "102"]
[EventDate "2007.??.??"]

1. d4 d5 2. c4 c6 3. Nf3 Nf6 4. Nc3 e6 5. Bg5 h6 6. Bh4 dxc4 7. e4 g5 8. Bg3 b5
9. Be2 Bb7 10. h4 g4 11. Ne5 Nbd7 12. O-O Nxe5 13. Bxe5 Rg8 14. d5 Bd6 15. dxc6
Bxe5 16. cxb7 Rb8 17. Nxb5 Rxb7 18. Qa4 Nd7 19. g3 Bxg3 20. Kg2 Be5 21. Rad1 g3
22. f3 Qxh4 23. Rh1 Qf4 24. Qxc4 Ke7 25. b3 Qe3 26. Rhf1 Rc8 27. Qd3 Qxd3 28.
Bxd3 Rc5 29. f4 a6 30. Na3 Ra5 31. Nc4 Rxa2+ 32. Kxg3 Bd4 33. Bb1 Rxb3+ 34. Rf3
Rxf3+ 35. Kxf3 Ra1 36. Rxd4 Rxb1 37. Nd6 Nb6 38. e5 Rb3+ 39. Kg4 a5 40. Nb7 Rb5
41. Nd6 Rb4 42. Rd1 Nd5 43. Kg3 Rb3+ 44. Kh2 Rb2+ 45. Kg3 Rb3+ 46. Kh2 Nxf4 47.
Ra1 Rh3+ 48. Kg1 Ng6 49. Rxa5 Nxe5 50. Ne4 Nc6 51. Ra6 Rh4 0-1

[Event "Moscow Open 2007"]
[Site "Moscow"]
[Date "2007.01.31"]
[Round "5"]
[White "Geller, Jakov"]
[Black "Riazantsev, Alexander"]
[Result "0-1"]
[WhiteElo "2490"]
[BlackElo "2629"]
[PlyCount "60"]
[EventDate "2007.??.??"]

1. e4 e6 2. d4 d5 3. Nc3 Bb4 4. e5 Ne7 5. a3 Bxc3+ 6. bxc3 b6 7. Qg4 Ng6 8. h4
h5 9. Qd1 Qd7 10. Be2 Ba6 11. Bxa6 Nxa6 12. Ne2 Qa4 13. Ng3 Qc4 14. Bb2 c5 15.
Nxh5 Rh7 16. g4 Rc8 17. Qd3 cxd4 18. cxd4 Qxc2 19. Qb5+ Kd8 20. Rc1 Qxc1+ 21.
Bxc1 Rxc1+ 22. Kd2 Nc7 23. Qd3 Rxh1 24. Qf3 Rxh4 25. Qxf7 Ne7 26. f3 R7xh5 27.
gxh5 Rxd4+ 28. Ke2 Nf5 29. Qg8+ Kd7 30. Qh7 Kc6 0-1

[Event "Moscow Open 2007"]
[Site "Moscow"]
[Date "2007.01.31"]
[Round "5"]
[White "Askarov, Marat"]
[Black "Svetushkin, Dmitry"]
[Result "1/2-1/2"]
[WhiteElo "2487"]
[BlackElo "2588"]
[PlyCount "222"]
[EventDate "2007.??.??"]

1. c4 Nf6 2. d4 c6 3. Bf4 g6 4. Nc3 Bg7 5. Nf3 O-O 6. e3 d6 7. h3 a6 8. Bd3 b5
9. O-O Nbd7 10. Qc2 Bb7 11. e4 bxc4 12. Bxc4 d5 13. exd5 cxd5 14. Bb3 Rc8 15.
Qe2 e6 16. Rfc1 Ne4 17. Rc2 Nxc3 18. bxc3 Qa5 19. Rac1 Bc6 20. Qd3 Bb5 21. c4
dxc4 22. Bxc4 Bxc4 23. Rxc4 Rxc4 24. Qxc4 Nf6 25. Be5 Nd5 26. Rb1 h6 27. a4 g5
28. Bg3 Ne7 29. Rb7 Nf5 30. Bc7 Qd5 31. Qxd5 exd5 32. Bb6 Nd6 33. Rd7 Nc4 34.
Bd8 Re8 35. Rxd5 Re2 36. Bc7 Ra2 37. a5 Bf8 38. Ne5 Nd2 39. h4 f6 40. Ng4 Kf7
41. Rd7+ Ke6 42. Rd8 Be7 43. d5+ Kf7 44. Nxh6+ Kg6 45. Re8 Ra1+ 46. Kh2 Re1 47.
Kh3 Kxh6 48. hxg5+ Kxg5 49. Rg8+ Kf5 50. Kh2 Nc4 51. Ra8 Rd1 52. Rxa6 Rxd5 53.
f3 Rd2 54. Kh3 Bb4 55. g4+ Kg6 56. f4 Rd7 57. Be5 Nxe5 58. fxe5 Kg5 59. Rxf6
Bxa5 60. Rf5+ Kg6 61. Kg3 Rd4 62. Kf3 Bd8 63. Rf4 Rd1 64. Rf5 Bg5 65. Kf2 Rd3
66. Kg2 Bh4 67. Rf3 Rd2+ 68. Kh3 Bd8 69. Kg3 Bc7 70. Rf5 Rd4 71. Kf3 Bd8 72.
Rf4 Rd3+ 73. Ke4 Rg3 74. Kd5 Bg5 75. Re4 Ra3 76. e6 Be7 77. Kc6 Rd3 78. Kc7 Kf6
79. Kc6 Bd6 80. Re2 Ke7 81. Re4 Bg3 82. Kc5 Bh4 83. Kc4 Rd1 84. Kc5 Bf2+ 85.
Kc4 Rc1+ 86. Kd3 Rc8 87. Ke2 Bg3 88. Kf3 Bh2 89. g5 Kd6 90. Rh4 Be5 91. Rh6 Bg7
92. Rg6 Bb2 93. Kf4 Rc4+ 94. Kf3 Bc1 95. Kg3 Re4 96. Kf3 Re1 97. Kg4 Rg1+ 98.
Kf5 Bd2 99. Ke4 Rf1 100. Rf6 Re1+ 101. Kf5 Re5+ 102. Kg6 Ke7 103. Rf5 Rxe6+
104. Kh7 Re2 105. g6 Rh2+ 106. Kg8 Bc3 107. g7 Rg2 108. Rf7+ Ke6 109. Rb7 Bd4
110. Kh7 Kf6 111. g8=N+ Ke5 1/2-1/2

[Event "Moscow Open 2007"]
[Site "Moscow"]
[Date "2007.01.31"]
[Round "5"]
[White "Amonatov, Farrukh"]
[Black "Chudinovskikh, Alexander M"]
[Result "1/2-1/2"]
[WhiteElo "2559"]
[BlackElo "2359"]
[PlyCount "52"]
[EventDate "2007.??.??"]

1. e4 e5 2. Nf3 Nc6 3. Nc3 Nf6 4. g3 d5 5. exd5 Nxd5 6. Bg2 Nxc3 7. bxc3 Bd6 8.
O-O O-O 9. Rb1 Rb8 10. d4 h6 11. Re1 Qf6 12. Nd2 Bf5 13. Ne4 Qg6 14. Qd3 Rfe8
15. d5 Ne7 16. c4 b6 17. Qc3 Kh8 18. f4 Bxe4 19. Bxe4 f5 20. Bg2 e4 21. Be3 Ng8
22. c5 Bxc5 23. Bxc5 bxc5 24. Qxc5 Qd6 25. Qxa7 Rxb1 26. Rxb1 Qxd5 1/2-1/2

[Event "Moscow Open 2007"]
[Site "Moscow"]
[Date "2007.01.31"]
[Round "5"]
[White "Tarlev, Konstantin"]
[Black "Shaposhnikov, Evgeny"]
[Result "1/2-1/2"]
[WhiteElo "2454"]
[BlackElo "2554"]
[PlyCount "59"]
[EventDate "2007.??.??"]

1. e4 c5 2. Nf3 e6 3. d4 cxd4 4. Nxd4 a6 5. Nd2 Nc6 6. Nxc6 bxc6 7. e5 Qa5 8.
f4 d5 9. exd6 Bxd6 10. Qf3 Ne7 11. Bd3 Nd5 12. O-O Qc7 13. Ne4 Be7 14. c4 Nf6
15. Bd2 Bb7 16. Bc3 c5 17. Qe2 Rd8 18. Bc2 Qc6 19. Ng5 h6 20. Nf3 O-O 21. Ne5
Qc8 22. Rae1 Rd6 23. f5 Re8 24. fxe6 Rxe6 25. Bf5 Bd6 26. Qc2 Qc7 27. Bxe6 Rxe6
28. Qf5 Be4 29. Rxe4 Nxe4 30. Qxe4 1/2-1/2

[Event "Moscow Open 2007"]
[Site "Moscow"]
[Date "2007.01.31"]
[Round "5"]
[White "Krapivin, Alexander"]
[Black "Gareev, Timur"]
[Result "1/2-1/2"]
[WhiteElo "2478"]
[BlackElo "2551"]
[PlyCount "123"]
[EventDate "2007.??.??"]

1. e4 d5 2. exd5 Nf6 3. Nf3 Bg4 4. Bb5+ Nbd7 5. O-O Nxd5 6. d4 e6 7. Be2 Be7 8.
h3 Bf5 9. c4 N5f6 10. Nc3 Ne4 11. Nxe4 Bxe4 12. Be3 O-O 13. Bd3 Bxd3 14. Qxd3
Bf6 15. Rad1 Re8 16. Qe4 c6 17. b3 Qa5 18. Qc2 Rad8 19. Rd2 Nf8 20. Rb1 Be7 21.
Rbd1 Ng6 22. Rd3 Rd7 23. Bd2 Qc7 24. g3 Red8 25. Be3 Qa5 26. Kg2 Qf5 27. R3d2
Qxc2 28. Rxc2 e5 29. d5 e4 30. Ng5 Bxg5 31. Bxg5 f6 32. Be3 b6 33. Rcd2 c5 34.
f3 exf3+ 35. Kxf3 Kf7 36. Bf4 Re7 37. Re2 Rxe2 38. Kxe2 Ne7 39. g4 g5 40. Bg3
f5 41. gxf5 Nxf5 42. Bf2 Rd6 43. a3 a5 44. b4 axb4 45. axb4 cxb4 46. Rb1 Rh6
47. Rxb4 Rxh3 48. Bxb6 Rh4 49. Bf2 Re4+ 50. Kf3 Rf4+ 51. Kg2 Rg4+ 52. Kf3 Rf4+
53. Kg2 Rg4+ 54. Kf3 Rf4+ 55. Kg2 g4 56. Rb7+ Ke8 57. c5 h5 58. d6 Rc4 59. Rh7
h4 60. d7+ Kd8 61. Bxh4+ Nxh4+ 62. Rxh4 1/2-1/2

[Event "Moscow Open 2007"]
[Site "Moscow"]
[Date "2007.01.31"]
[Round "5"]
[White "Zvjaginsev, Vadim"]
[Black "Pushkov, Nikolai"]
[Result "1/2-1/2"]
[WhiteElo "2658"]
[BlackElo "2522"]
[PlyCount "65"]
[EventDate "2007.??.??"]

1. g3 d5 2. Bg2 c6 3. Nf3 Bg4 4. h3 Bh5 5. d3 Nd7 6. g4 Bg6 7. Bf4 e6 8. Nbd2
Ngf6 9. O-O Bc5 10. e3 O-O 11. Qe2 Qe7 12. Nh4 e5 13. Bh2 Rad8 14. Kh1 Bb6 15.
Rae1 Ne8 16. Nxg6 hxg6 17. f4 exf4 18. exf4 Qb4 19. Nb3 Nef6 20. a3 Qb5 21. g5
Rfe8 22. Qf3 Rxe1 23. Rxe1 Re8 24. Rxe8+ Nxe8 25. f5 Nc5 26. Qe2 Kf8 27. fxg6
fxg6 28. Qf1+ Ke7 29. Qe1+ Kd8 30. Nxc5 Qxc5 31. c3 Qe3 32. Qxe3 Bxe3 33. c4
1/2-1/2

[Event "Moscow Open 2007"]
[Site "Moscow"]
[Date "2007.01.31"]
[Round "5"]
[White "Smirnov, Pavel"]
[Black "Kharitonov, Alexandr"]
[Result "1-0"]
[WhiteElo "2621"]
[BlackElo "2503"]
[PlyCount "53"]
[EventDate "2007.??.??"]

1. e4 c6 2. d4 d5 3. e5 c5 4. dxc5 e6 5. a3 Nc6 6. Nf3 Bxc5 7. b4 Bb6 8. Bd3
Nge7 9. Bb2 Ng6 10. O-O Nf4 11. c4 O-O 12. Nc3 Ne7 13. Qd2 Nxd3 14. Qxd3 dxc4
15. Qxc4 Qc7 16. Qg4 Bd7 17. Ne4 Bc6 18. Rac1 Qb8 19. Rxc6 bxc6 20. Nf6+ Kh8
21. Nxh7 Nf5 22. Nf6 Nh6 23. Qh3 Bd8 24. Bc1 gxf6 25. Bxh6 Re8 26. exf6 Bxf6
27. Bg5+ 1-0

[Event "Moscow Open 2007"]
[Site "Moscow"]
[Date "2007.01.31"]
[Round "5"]
[White "Ivanov, Victor L"]
[Black "Aleksandrov, Aleksej"]
[Result "1/2-1/2"]
[WhiteElo "2502"]
[BlackElo "2601"]
[PlyCount "42"]
[EventDate "2007.??.??"]

1. e4 e5 2. Nf3 Nc6 3. Bc4 Bc5 4. c3 Nf6 5. d3 a6 6. Nbd2 O-O 7. O-O d5 8. exd5
Nxd5 9. Re1 Nf6 10. Ne4 Nxe4 11. dxe4 Qxd1 12. Rxd1 Re8 13. b4 Bb6 14. Kf1 Bg4
15. Ke2 Rad8 16. Bg5 Rxd1 17. Rxd1 Kf8 18. h3 Be6 19. Nd2 f6 20. Be3 Bxe3 21.
Kxe3 Bxc4 1/2-1/2

[Event "Moscow Open 2007"]
[Site "Moscow"]
[Date "2007.01.31"]
[Round "5"]
[White "Rychagov, Andrey"]
[Black "Dobrov, Vladimir"]
[Result "1/2-1/2"]
[WhiteElo "2586"]
[BlackElo "2479"]
[PlyCount "77"]
[EventDate "2007.??.??"]

1. d4 Nf6 2. Nf3 d5 3. c4 e6 4. Nc3 dxc4 5. e4 Bb4 6. Bg5 c5 7. e5 h6 8. exf6
hxg5 9. fxg7 Rg8 10. a3 Bxc3+ 11. bxc3 Nc6 12. Bxc4 cxd4 13. Nxd4 Nxd4 14. cxd4
Qa5+ 15. Qd2 Qxd2+ 16. Kxd2 Bd7 17. h4 gxh4 18. Rxh4 Ke7 19. Rg4 Kf6 20. Rh1
Rxg7 21. Rh6+ Rg6 22. Rgxg6+ fxg6 23. Rh7 Bc6 24. g4 Rd8 25. Ke3 Rd7 26. Rh8
Bd5 27. Bd3 Kg7 28. Rc8 g5 29. f3 Rd6 30. f4 Rb6 31. fxg5 Rb3 32. Rc7+ Kh8 33.
a4 a5 34. g6 Ra3 35. g5 Kg8 36. Rc8+ Kg7 37. Rc7+ Kg8 38. Rc5 Kh8 39. Rc8+
1/2-1/2

[Event "Moscow Open 2007"]
[Site "Moscow"]
[Date "2007.01.31"]
[Round "5"]
[White "Lastin, Alexander"]
[Black "Gasanov, Eldar"]
[Result "1-0"]
[WhiteElo "2583"]
[BlackElo "2477"]
[PlyCount "78"]
[EventDate "2007.??.??"]

1. e4 c5 2. Nf3 Nc6 3. Bb5 d6 4. Bxc6+ bxc6 5. O-O e5 6. c3 f5 7. exf5 Bxf5 8.
d4 cxd4 9. cxd4 e4 10. Nfd2 Nf6 11. f3 d5 12. fxe4 Bxe4 13. Nxe4 dxe4 14. Nc3
Be7 15. Nxe4 O-O 16. Ng5 Qd5 17. Qd3 Rad8 18. Be3 g6 19. h3 Ng4 20. Rxf8+ Rxf8
21. Nxh7 Kxh7 22. hxg4 Bg5 23. Bxg5 Qxg5 24. Re1 Qxg4 25. Re7+ Kh6 26. Rxa7 Rf4
27. Rc7 Qe6 28. Qd2 g5 29. g3 Re4 30. Qh2+ Rh4 31. Qf2 Re4 32. Qh2+ Rh4 33. Qf2
Re4 34. Qf3 Kg6 35. Qd3 Kh5 36. Kf2 Kh6 37. Qc2 Kh5 38. Rxc6 Qf5+ 39. Kg2 Qd5
1-0

[Event "Moscow Open 2007"]
[Site "Moscow"]
[Date "2007.01.31"]
[Round "5"]
[White "Yakovich, Yuri"]
[Black "Tunik, Gennady"]
[Result "1-0"]
[WhiteElo "2577"]
[BlackElo "2475"]
[PlyCount "77"]
[EventDate "2007.??.??"]

1. Nf3 Nf6 2. c4 b6 3. Nc3 c5 4. e4 d6 5. d4 cxd4 6. Nxd4 Bb7 7. f3 e6 8. Be2
Be7 9. O-O O-O 10. Be3 Nbd7 11. Qd2 a6 12. Rac1 Rc8 13. b4 Qc7 14. a3 Qb8 15.
Rc2 Bd8 16. Kh1 Bc7 17. Bg1 Kh8 18. Rb1 Ne5 19. Qc1 Ng6 20. a4 Rfe8 21. Nb3 Nd7
22. a5 bxa5 23. Nxa5 Bxa5 24. bxa5 Nc5 25. Rcb2 Rc7 26. Rb6 Rd8 27. Qb2 Rdd7
28. Bxc5 dxc5 29. Rxa6 Qd8 30. Ra7 h5 31. a6 Bxa6 32. Rxa6 Qg5 33. Ra2 h4 34.
Qc1 Nf4 35. Bf1 Rc8 36. Ne2 e5 37. Nxf4 exf4 38. Rd2 Rcd8 39. Rd5 1-0

[Event "Moscow Open 2007"]
[Site "Moscow"]
[Date "2007.01.31"]
[Round "5"]
[White "Rakhmanov, Aleksandr"]
[Black "Burmakin, Vladimir"]
[Result "1/2-1/2"]
[WhiteElo "2473"]
[BlackElo "2568"]
[PlyCount "115"]
[EventDate "2007.??.??"]

1. d4 Nf6 2. c4 e6 3. Nc3 d5 4. cxd5 exd5 5. Bg5 c6 6. e3 Be7 7. Bd3 Nbd7 8.
Nf3 h6 9. Bf4 Nh5 10. Bg3 Nxg3 11. hxg3 Nf6 12. Rb1 Bd6 13. b4 O-O 14. O-O Qe7
15. b5 c5 16. dxc5 Bxc5 17. Bc2 Rd8 18. Qd3 Bg4 19. Ne2 Rac8 20. Rbd1 Qe4 21.
Qb3 Qc4 22. Bd3 Qxb3 23. axb3 Ne4 24. Nf4 Kf8 25. Rc1 g5 26. Ne2 Bb6 27. Ned4
f6 28. b4 Bd7 29. Nb3 Nc3 30. Nc5 Bxc5 31. bxc5 Rxc5 32. Nd4 Ke7 33. Rc2 Rdc8
34. Rb2 Ne4 35. Ra2 Ra8 36. Rfa1 Nd6 37. Rxa7 Rxa7 38. Rxa7 Rc3 39. Be2 Rc1+
40. Kh2 g4 41. Bd3 Rd1 42. Be2 Rd2 43. Kg1 Kd8 44. Ra8+ Kc7 45. f3 Nf5 46. Nxf5
Rxe2 47. fxg4 Bxb5 48. Rf8 Re1+ 49. Kh2 Bd7 50. Rxf6 b5 51. Nxh6 b4 52. Rf4 b3
53. Rb4 Rxe3 54. g5 Be8 55. Nf5 Rc3 56. Nd4 Rc4 57. Ne6+ Kd7 58. Rb6 1/2-1/2

[Event "Moscow Open 2007"]
[Site "Moscow"]
[Date "2007.01.31"]
[Round "5"]
[White "Turov, Maxim"]
[Black "Gavrilov, Alexei"]
[Result "1-0"]
[WhiteElo "2562"]
[BlackElo "2465"]
[PlyCount "85"]
[EventDate "2007.??.??"]

1. d4 Nf6 2. c4 e6 3. Nc3 Bb4 4. Qc2 d5 5. a3 Bxc3+ 6. Qxc3 Ne4 7. Qc2 c5 8.
dxc5 Nc6 9. e3 Qa5+ 10. Bd2 Nxd2 11. Qxd2 dxc4 12. Qxa5 Nxa5 13. Rc1 b5 14.
cxb6 Bb7 15. Nf3 Ke7 16. bxa7 Rxa7 17. Nd2 Ba6 18. Rc2 Rb8 19. Kd1 Rab7 20. Kc1
Bb5 21. Ne4 Rd7 22. Be2 Nb3+ 23. Kb1 Bc6 24. f3 Bxe4 25. fxe4 Nd2+ 26. Ka2 Nxe4
27. Bxc4 f5 28. Rhc1 g5 29. Be2 Kf6 30. b4 g4 31. b5 Ra7 32. Rc8 Rbb7 33. Kb3
Nd6 34. R8c5 Ra5 35. a4 Rb8 36. Rc6 Ne4 37. Rc8 Rb7 38. Kb4 Rba7 39. Ra1 Nd6
40. Rc6 Ke7 41. b6 Ra8 42. Rxd6 Kxd6 43. b7 1-0

[Event "Moscow Open 2007"]
[Site "Moscow"]
[Date "2007.01.31"]
[Round "5"]
[White "Sitnikov, Anton"]
[Black "Chernyshov, Konstantin"]
[Result "0-1"]
[WhiteElo "2467"]
[BlackElo "2556"]
[PlyCount "72"]
[EventDate "2007.??.??"]

1. d4 Nf6 2. c4 e6 3. g3 Bb4+ 4. Bd2 Bxd2+ 5. Nxd2 Nc6 6. Ngf3 O-O 7. Bg2 d6 8.
O-O a5 9. a3 a4 10. Qc2 Bd7 11. c5 Qe7 12. Rac1 e5 13. cxd6 cxd6 14. dxe5 dxe5
15. e3 h6 16. Nc4 Ra6 17. Rfd1 e4 18. Ne1 Na5 19. Nxa5 Rxa5 20. Qc7 Rb5 21. Rc2
Qe6 22. Bf1 Rd5 23. Rdc1 b5 24. Qb7 Qe5 25. Ng2 g5 26. Qb6 Kg7 27. Qa5 Qd6 28.
Qc7 Rb8 29. Qxd6 Rxd6 30. Ne1 b4 31. axb4 Rxb4 32. Bc4 Ng4 33. Be2 Ne5 34. Rc5
Rd2 35. R1c2 Rxc2 36. Rxc2 a3 0-1

[Event "Moscow Open 2007"]
[Site "Moscow"]
[Date "2007.01.31"]
[Round "5"]
[White "Korobov, Anton"]
[Black "Kurenkov, Nikolai"]
[Result "0-1"]
[WhiteElo "2547"]
[BlackElo "2438"]
[PlyCount "53"]
[EventDate "2007.??.??"]

1. d4 Nf6 2. c4 g6 3. Nc3 Bg7 4. e4 d6 5. Nf3 O-O 6. Be2 Na6 7. O-O e5 8. d5
Nc5 9. Qc2 a5 10. Bg5 h6 11. Be3 b6 12. Nd2 Bg4 13. Rae1 Bxe2 14. Rxe2 Ng4 15.
Bxc5 bxc5 16. Nb5 h5 17. a4 Bh6 18. Qc3 f5 19. f3 Nf6 20. Nb3 fxe4 21. fxe4 Ng4
22. Nd2 Qh4 23. Nf3 Rxf3 24. gxf3 Be3+ 25. Kh1 Qh3 26. Qe1 Rf8 27. f4 0-1

[Event "Moscow Open 2007"]
[Site "Moscow"]
[Date "2007.01.31"]
[Round "5"]
[White "Demchenko, Anton"]
[Black "Sorokin, Maxim"]
[Result "1-0"]
[WhiteElo "2427"]
[BlackElo "2547"]
[PlyCount "121"]
[EventDate "2007.??.??"]

1. e4 e6 2. d4 d5 3. Nc3 Bb4 4. e5 c5 5. a3 Bxc3+ 6. bxc3 Qc7 7. Qg4 f6 8. Nf3
c4 9. Be2 Nc6 10. Qg3 Qf7 11. O-O Nge7 12. exf6 gxf6 13. Nh4 Rg8 14. Qd6 Ng6
15. Bh5 Bd7 16. Qc7 Bc8 17. Qd6 Bd7 18. Bf4 Rd8 19. a4 Bc8 20. Qa3 Qe7 21. Qb2
Kd7 22. Bg3 Qg7 23. Qa3 Qh6 24. Bxg6 hxg6 25. f4 Ke8 26. a5 Qf8 27. Qa4 a6 28.
Nf3 Qe7 29. Bh4 Rh8 30. g4 Kf7 31. g5 f5 32. Rab1 Qc7 33. Rb6 Kg8 34. Bg3 Rh7
35. Kg2 Rf7 36. h4 Rh7 37. Rh1 Rh5 38. Kf2 Bd7 39. Qa3 Be8 40. Re1 Qc8 41. Reb1
Rh7 42. Ke3 Rdd7 43. Qc5 Rc7 44. Qa3 Qd8 45. Be1 Qe7 46. Qa2 Qd8 47. Kf2 Rhd7
48. Bd2 Rh7 49. Kg3 Qe7 50. Bc1 Qd8 51. Ba3 Qc8 52. Bd6 Rcd7 53. Qa3 Rdf7 54.
Qc5 Qd8 55. Kh3 Rhg7 56. Re1 Qd7 57. Ne5 Nxe5 58. Bxe5 Rh7 59. Bf6 Rxf6 60.
gxf6 Kf7 61. Rd6 1-0

[Event "Moscow Open 2007"]
[Site "Moscow"]
[Date "2007.01.31"]
[Round "5"]
[White "Balashov, Yuri S"]
[Black "Deviatkin, Andrei"]
[Result "1-0"]
[WhiteElo "2422"]
[BlackElo "2544"]
[PlyCount "67"]
[EventDate "2007.??.??"]

1. e4 c6 2. Nc3 d5 3. Nf3 Bg4 4. h3 Bh5 5. d4 e6 6. Bd3 Nf6 7. e5 Nfd7 8. g4
Bg6 9. Bxg6 hxg6 10. Ne2 c5 11. c3 Be7 12. Kf1 Nc6 13. Kg2 Qb6 14. Rb1 Qa6 15.
a3 cxd4 16. cxd4 Rc8 17. Nf4 g5 18. Nh5 g6 19. Ng3 Qb6 20. Be3 Kf8 21. Qd2 Kg7
22. Rhd1 Qd8 23. Bxg5 Bxg5 24. Nxg5 Nb6 25. f4 Nc4 26. Qf2 b5 27. Rd3 a5 28. h4
Kg8 29. Rh1 b4 30. f5 Rxh4 31. fxg6 f5 32. Nxe6 Qe7 33. Rxh4 Qxh4 34. Qxf5 1-0

[Event "Moscow Open 2007"]
[Site "Moscow"]
[Date "2007.01.31"]
[Round "5"]
[White "Loskutov, Oleg"]
[Black "Yemelin, Vasily"]
[Result "0-1"]
[WhiteElo "2397"]
[BlackElo "2539"]
[PlyCount "76"]
[EventDate "2007.??.??"]

1. e4 c5 2. Nf3 d6 3. d4 cxd4 4. Nxd4 Nf6 5. Nc3 Nc6 6. Bg5 Qb6 7. Nb3 e6 8.
Qd2 a6 9. O-O-O Be7 10. f3 O-O 11. h4 Rd8 12. h5 Qc7 13. h6 g6 14. a4 d5 15.
Bxf6 Bxf6 16. exd5 Be5 17. Rh4 Ne7 18. Rc4 Qb8 19. f4 Bh8 20. d6 Nf5 21. g4
Nxh6 22. f5 Bg7 23. f6 Bf8 24. Qg5 Rxd6 25. Bd3 e5 26. Rh1 b5 27. axb5 axb5 28.
Rb4 Rd4 29. Rxb5 Qd6 30. Ne4 Qd7 31. Rxe5 Rxd3 32. Nec5 Qc6 33. Rxh6 Rg3 34.
Rh4 Bxg4 35. Re1 Bxc5 36. Qh6 Be3+ 37. Rxe3 Rg1+ 38. Kd2 Rd1# 0-1

[Event "Moscow Open 2007"]
[Site "Moscow"]
[Date "2007.01.31"]
[Round "5"]
[White "Yandemirov, Valeri"]
[Black "Kosov, Ivan"]
[Result "1/2-1/2"]
[WhiteElo "2523"]
[BlackElo "2354"]
[PlyCount "57"]
[EventDate "2007.??.??"]

1. e4 c5 2. Nf3 e6 3. c4 Nc6 4. Nc3 Nf6 5. Be2 Qb6 6. O-O Be7 7. a3 O-O 8. b4
d6 9. Rb1 Qc7 10. d4 cxd4 11. Nxd4 Rd8 12. Be3 d5 13. Ndb5 Qb8 14. cxd5 exd5
15. Nxd5 Nxd5 16. exd5 a6 17. dxc6 axb5 18. Qc2 bxc6 19. Qxc6 Rxa3 20. Bc5 Bd7
21. Qe4 Bf6 22. Bf3 Be6 23. Rbd1 Rxd1 24. Rxd1 Ra1 25. Rxa1 Bxa1 26. Qc6 Bc4
27. g3 g6 28. h4 h5 29. Qa8 1/2-1/2

[Event "Moscow Open 2007"]
[Site "Moscow"]
[Date "2007.01.31"]
[Round "5"]
[White "Malakhatko, Vadim"]
[Black "Beletsky, Alexey"]
[Result "1-0"]
[WhiteElo "2604"]
[BlackElo "2386"]
[PlyCount "63"]
[EventDate "2007.??.??"]

1. d4 Nf6 2. c4 g6 3. Nc3 d5 4. cxd5 Nxd5 5. e4 Nxc3 6. bxc3 c5 7. Be3 Bg7 8.
Qd2 Qa5 9. Rc1 O-O 10. d5 e6 11. Nf3 exd5 12. exd5 Bg4 13. Be2 Nd7 14. h3 Bxf3
15. Bxf3 Ne5 16. Be2 f5 17. O-O Rad8 18. Bf4 Nf7 19. Rfe1 Nd6 20. Bf3 Rd7 21.
Re6 Qd8 22. Rce1 Nc4 23. Qd3 b5 24. a4 Qa5 25. axb5 Nb2 26. Qe2 Qxc3 27. Rc1
Qd3 28. Rxc5 Qxe2 29. Bxe2 Na4 30. Rcc6 Nc3 31. Bc4 Rxd5 32. Red6 1-0

[Event "Moscow Open 2007"]
[Site "Moscow"]
[Date "2007.01.31"]
[Round "5"]
[White "Nachev, Stanislav"]
[Black "Khismatullin, Denis"]
[Result "0-1"]
[WhiteElo "2429"]
[BlackElo "2599"]
[PlyCount "108"]
[EventDate "2007.??.??"]

1. d4 g6 2. e4 Bg7 3. Nc3 d6 4. Be3 a6 5. f4 b5 6. Be2 b4 7. Nd5 a5 8. Bf2 Bb7
9. Bf3 e6 10. Ne3 Nd7 11. Ne2 f5 12. exf5 Bxf3 13. fxe6 Bb7 14. exd7+ Qxd7 15.
O-O Nf6 16. c4 O-O 17. Ng3 Rae8 18. f5 Ne4 19. Qd3 gxf5 20. Nd5 Qf7 21. Nf4 c5
22. Nge2 Ba6 23. d5 Bxb2 24. Rab1 Be5 25. Be3 Bc8 26. Bc1 a4 27. Bb2 a3 28. Ba1
Re7 29. Qc2 Bd7 30. Nd3 Bxa1 31. Rxa1 Rfe8 32. Ndf4 Qf6 33. Rab1 Qe5 34. Nd3
Qg7 35. Ndf4 Nf6 36. Rf3 Kh8 37. Rg3 Qf7 38. Rf1 Re4 39. Rh3 Ng4 40. Rc1 Ne5
41. Qb3 Ng6 42. Qg3 Rg8 43. Qf2 Ne5 44. Ng3 Rxc4 45. Re1 Rxf4 46. Qxf4 Nd3 47.
Qxd6 Nxe1 48. Nh5 Rxg2+ 49. Kh1 Rg6 50. Qe5+ Kg8 51. Nf4 Rg4 52. Nh5 Qxh5 53.
Rxh5 Rg1+ 54. Kxg1 Nf3+ 0-1

[Event "Moscow Open 2007"]
[Site "Moscow"]
[Date "2007.01.31"]
[Round "5"]
[White "Obodchuk, Andrei"]
[Black "Shipov, Sergei"]
[Result "0-1"]
[WhiteElo "2410"]
[BlackElo "2591"]
[PlyCount "102"]
[EventDate "2007.??.??"]

1. d4 d5 2. c4 dxc4 3. Nf3 e6 4. e3 c5 5. Bxc4 a6 6. O-O Nf6 7. Bb3 b5 8. a4 b4
9. Nbd2 Be7 10. e4 Bb7 11. e5 Nfd7 12. Nc4 O-O 13. Bc2 cxd4 14. Qxd4 Bd5 15. b3
Nc6 16. Qd3 g6 17. Bb2 Nc5 18. Qe2 Bxc4 19. Qxc4 Na5 20. Qg4 Ncxb3 21. Rad1 Qc7
22. Be4 Rad8 23. h4 Rxd1 24. Rxd1 Rd8 25. Rxd8+ Qxd8 26. h5 Kg7 27. Bc2 Qc8 28.
Ne1 Nc4 29. Bxb3 Nxb2 30. hxg6 hxg6 31. Qe4 Qc3 32. Qe3 Qxe3 33. fxe3 Bh4 34.
Nc2 a5 35. Nd4 Nd3 36. Nc6 Nc1 37. Bd1 b3 38. Nxa5 b2 39. Bc2 Ne2+ 40. Kf1 Nc3
41. Nc4 b1=Q+ 42. Bxb1 Nxb1 43. a5 Nc3 44. a6 Nb5 45. Ke2 Kf8 46. Nd6 Na7 47.
Kd3 Bd8 48. Nc4 Nc6 49. Ke4 Bc7 50. g4 Ke7 51. Na3 Bxe5 0-1

[Event "Moscow Open 2007"]
[Site "Moscow"]
[Date "2007.01.31"]
[Round "5"]
[White "Pustov, Pavel"]
[Black "Kornev, Alexei"]
[Result "1/2-1/2"]
[WhiteElo "2407"]
[BlackElo "2582"]
[PlyCount "42"]
[EventDate "2007.??.??"]

1. Nf3 Nf6 2. d4 g6 3. Bg5 Bg7 4. Nbd2 c5 5. Bxf6 Bxf6 6. Ne4 Bxd4 7. Nxd4 cxd4
8. Qxd4 O-O 9. O-O-O Qa5 10. Nc3 Nc6 11. Qd2 b5 12. Kb1 b4 13. Nd5 e6 14. Ne3
d5 15. h4 f5 16. h5 Ba6 17. hxg6 hxg6 18. Ng4 fxg4 19. Rh8+ Kxh8 20. Qh6+ Kg8
21. Qxg6+ Kh8 1/2-1/2

[Event "Moscow Open 2007"]
[Site "Moscow"]
[Date "2007.01.31"]
[Round "5"]
[White "Donchenko, Anatoly G"]
[Black "Kazhgaleyev, Murtas"]
[Result "0-1"]
[WhiteElo "2402"]
[BlackElo "2579"]
[PlyCount "64"]
[EventDate "2007.??.??"]

1. d4 Nf6 2. Nf3 c5 3. e3 g6 4. Be2 Bg7 5. O-O O-O 6. c4 cxd4 7. Nxd4 d5 8. Nc3
dxc4 9. Bxc4 a6 10. a4 Qc7 11. Be2 e5 12. Nf3 Rd8 13. Bd2 Nc6 14. Qc2 Qe7 15.
Rfd1 e4 16. Ng5 Bf5 17. Be1 h6 18. Nh3 Bxh3 19. gxh3 Qe6 20. Rxd8+ Rxd8 21. Rd1
Rxd1 22. Bxd1 Bf8 23. Qb3 Qd7 24. Bc2 Ne5 25. Nxe4 Nf3+ 26. Kg2 Nh4+ 27. Kg1
Nh7 28. f4 Nf3+ 29. Kf2 Qxh3 30. Ng3 Nh4 31. Qxb7 Qxh2+ 32. Kf1 Qxc2 0-1

[Event "Moscow Open 2007"]
[Site "Moscow"]
[Date "2007.01.31"]
[Round "5"]
[White "Arakelov, Ilya"]
[Black "Vorobiov, Evgeny E"]
[Result "0-1"]
[WhiteElo "2399"]
[BlackElo "2563"]
[PlyCount "52"]
[EventDate "2007.??.??"]

1. d4 Nf6 2. c4 d6 3. Nc3 Nbd7 4. e4 e5 5. Nf3 g6 6. Be2 Bg7 7. O-O O-O 8. d5
Nh5 9. Re1 a5 10. a3 Nc5 11. Be3 Nf4 12. b4 axb4 13. axb4 Rxa1 14. Qxa1 Ncd3
15. Rb1 Nxe2+ 16. Nxe2 f5 17. Nd2 Qh4 18. Qc3 fxe4 19. Nxe4 Bf5 20. Nd2 Nf4 21.
Re1 e4 22. Bd4 e3 23. g3 Nxe2+ 24. Rxe2 Bxd4 25. Qxe3 Bxe3 26. gxh4 Bxd2 0-1

[Event "Moscow Open 2007"]
[Site "Moscow"]
[Date "2007.01.31"]
[Round "5"]
[White "Kalashnikov, Konstantin"]
[Black "Oleksienko, Mikhailo"]
[Result "0-1"]
[WhiteElo "2384"]
[BlackElo "2541"]
[PlyCount "68"]
[EventDate "2007.??.??"]

1. e4 c5 2. Nf3 Nc6 3. d4 cxd4 4. Nxd4 Nf6 5. Nc3 e5 6. Ndb5 d6 7. Bg5 a6 8.
Na3 b5 9. Bxf6 gxf6 10. Nd5 f5 11. Bd3 Be6 12. O-O Bxd5 13. exd5 Ne7 14. Re1
Bg7 15. Rb1 O-O 16. c4 e4 17. Bf1 Ng6 18. cxb5 axb5 19. Bxb5 Qg5 20. Qc1 Qxc1
21. Rexc1 Bxb2 22. Rxb2 Rxa3 23. Rcc2 Ne5 24. Be2 Rfa8 25. Kf1 R8a5 26. Rd2 Kg7
27. Ke1 f4 28. Bb5 f3 29. g3 f5 30. Kd1 Kf6 31. Kc1 Ng4 32. h3 e3 33. fxe3 Rxb5
34. hxg4 Rxb2 0-1

[Event "Moscow Open 2007"]
[Site "Moscow"]
[Date "2007.01.31"]
[Round "5"]
[White "Gabrielian, Artur"]
[Black "Chernobay, Artem"]
[Result "1-0"]
[WhiteElo "2521"]
[BlackElo "2408"]
[PlyCount "81"]
[EventDate "2007.??.??"]

1. e4 c5 2. Nf3 Nc6 3. d4 cxd4 4. Nxd4 Nf6 5. Nc3 e5 6. Ndb5 d6 7. Bg5 a6 8.
Na3 b5 9. Nd5 Be7 10. Bxf6 Bxf6 11. c3 O-O 12. Nc2 Bg5 13. a4 bxa4 14. Rxa4 a5
15. Bc4 Rb8 16. b3 Kh8 17. h4 Bh6 18. Nce3 Bxe3 19. Nxe3 Ne7 20. h5 Bb7 21. Qd3
h6 22. O-O Bc6 23. Ra3 f5 24. Rd1 f4 25. Ng4 Qc8 26. f3 d5 27. exd5 Bxd5 28.
Nf2 Qc5 29. Rda1 Bxc4 30. Qxc4 Qxc4 31. bxc4 Nc6 32. Rd1 Rf5 33. Raa1 Rxh5 34.
Ne4 Rf5 35. Rd6 Ne7 36. Re6 Ng8 37. c5 Rff8 38. Rb6 Rxb6 39. cxb6 Rb8 40. Rb1
Ne7 41. Nc5 1-0